Riconosci il Pokémon - Quiz n°467 - Statistics

Statistiche generali
  • Questo quiz è stato fatto 1 volte
  • Il punteggio medio è 0 su 10
Statistiche sulle risposte
Indizio Risposta % Corretto
Altezza 0,2 m
0%
Tasso di cattura 180 (33.8%)
0%
Peso 2,2 kg
0%
Sesso 50% ♂, 50% ♀
0%
Pokémon Dedenne
0%
Tipo Elettro / Folletto
0%
Abilità Guancegonfie; Raccolta; Più
0%
Tasso di allevamento Medio-Veloce
0%
Stadio evoluzione Non si evolve
0%
Generazione Sesta
0%
Nessun quiz corrispondente trovato
Distribuzione punteggi
Percentuale di utenti per punteggio
Percentile per numero di risposta
I tuoi punteggi nel tempo
Non hai fatto questo quiz